| 000 | 00522cam a2200157 i 4500 | ||
|---|---|---|---|
| 001 | 000006967 | ||
| 005 | 20200929154032.0 | ||
| 008 | 751211s1975 sp a 000 0 spa | ||
| 020 | _a8434302187 | ||
| 040 |
_aDO-SdBNP _bspa _cBNPHU |
||
| 100 | 1 |
_aLacalle, Jose Ma. _q(Jose Maria), _d1929- _919361 |
|
| 245 | 1 | 3 |
_aEl mundo que he vivido / _cJose Ma. Lacalle ; revision y prólogo por Manuel Grimalt. |
| 260 |
_aBarcelona : _bEdiciones Poligrafa, _c1975. |
||
| 300 |
_a469 p. : _bil. ; _c25 cm. |
||
| 700 | 1 | 2 |
_aGrimalt., Manuel _919362 |
| 999 |
_c6751 _d6751 |
||